| 000 | 00904nas a2200301 4500 | ||
|---|---|---|---|
| 001 | BR2013008893 | ||
| 003 | BR-BrBNA | ||
| 005 | 20231205123203.0 | ||
| 007 | ta | ||
| 008 | 230509b bl.|||p| |||| 00| 00por d | ||
| 040 |
_aBR-BrBNA _bpor _cBiblioteca Nacional de Agricultura |
||
| 041 | _a(Pt) | ||
| 072 | _aP01 | ||
| 100 | 1 | _aBorges, A.F. | |
| 100 | 1 | _aRezende, J.L.P. de | |
| 100 | 1 | _aBorges, L.A.C. | |
| 100 | 1 | _aBorém, R.A.T. | |
| 100 | 1 | _aMacedo, R.L.G. | |
| 100 | 1 | _aBorges, M. dos A.C.S. | |
| 245 | 1 | _aAnálise da gestão ambiental nos Institutos Federais de Educação, Ciência e Tecnologia | |
| 650 | _aGESTÃO | ||
| 650 | _aMEIO AMBIENTE | ||
| 650 | _aPESQUISA | ||
| 650 | _aDESENVOLVIMENTO SUSTENTÁVEL | ||
| 773 | 0 |
_tCerne (Brazil) _xISSN 0104-7760 _g(Apr-Jun 2013), v. 19(2) p. 177-183 _wBR2013008893 |
|
| 909 |
_a202311 _bLúcia _c55 _dLúcia Elande |
||
| 942 |
_2AGRIS _n0 _cANA |
||
| 999 |
_c232598 _d232598 |
||